[Event "World Cities-ch 2nd"]
[Site "Shenyang"]
[Date "1999.10.07"]
[Round "7"]
[White "Dolmatov, Sergey"]
[Black "Lioe, Dede"]
[Result "1-0"]
[WhiteElo "2600"]
[BlackElo "2388"]
[PlyCount "53"]
[EventDate "1999.10.02"]
[EventType "team"]
[EventRounds "9"]
[EventCountry "CHN"]
[SourceTitle "EXT 2000"]
[Source "ChessBase"]
[SourceDate "1999.11.16"]
[SourceVersion "1"]
[SourceVersionDate "1999.11.16"]
[SourceQuality "1"]

1. e4 e5 2. Nf3 Nc6 3. Bb5 a6 4. Ba4 Nf6 5. O-O Be7 6. Re1 b5 7. Bb3 O-O 8. a4
b4 9. c3 d6 10. h3 Rb8 11. d4 Nd7 12. d5 Na5 13. cxb4 Rxb4 14. Ba2 Nb7 15. Qc2
a5 16. Bd2 Rb6 17. Na3 Ndc5 18. Bc4 Bd7 19. Nb5 Kh8 20. b4 axb4 21. Bxb4 Nxa4
22. Qxa4 Qe8 23. Ba3 Bxb5 24. Bxb5 Rxb5 25. Nxe5 Nc5 26. Bxc5 Rxc5 27. Nd7 1-0

[Event "World Cities-ch 2nd"]
[Site "Shenyang"]
[Date "1999.10.08"]
[Round "9"]
[White "Dolmatov, Sergey"]
[Black "Li Wenjun"]
[Result "1-0"]
[WhiteElo "2600"]
[BlackElo "2342"]
[PlyCount "81"]
[EventDate "1999.10.02"]
[EventType "team"]
[EventRounds "9"]
[EventCountry "CHN"]
[SourceTitle "EXT 2000"]
[Source "ChessBase"]
[SourceDate "1999.11.16"]
[SourceVersion "1"]
[SourceVersionDate "1999.11.16"]
[SourceQuality "1"]

1. e4 c6 2. d4 d5 3. Nd2 Nd7 4. e5 Nb6 5. Bd3 Nh6 6. Ndf3 g6 7. Bf4 Bf5 8. Ne2
Qd7 9. h3 Bxd3 10. Qxd3 Nf5 11. a4 h5 12. a5 Nc8 13. Nc1 e6 14. Nb3 Rb8 15. O-O
Be7 16. g4 hxg4 17. hxg4 Nh6 18. Nh2 Qd8 19. Qe3 g5 20. Bg3 Kd7 21. Kg2 Qg8 22.
Qd3 Kc7 23. f3 Bf8 24. Rh1 Ne7 25. Qd2 Rd8 26. Rag1 Kb8 27. Nf1 Ka8 28. Rh5 Ng6
29. Qxg5 Be7 30. Qd2 Qg7 31. Rgh1 Ng8 32. Rxh8 Nxh8 33. Qc3 Rc8 34. Nc5 Ng6 35.
Na4 Bd8 36. Nd2 f5 37. exf6 Qxf6 38. Nb6+ Bxb6 39. axb6 Nf4+ 40. Kf2 axb6 41.
Qa3+ 1-0

[Event "Linares Anibal op 07th"]
[Site "Linares"]
[Date "2000.01.07"]
[Round "1"]
[White "Dolmatov, Sergey"]
[Black "Perez Candelario, Manuel"]
[Result "1-0"]
[WhiteElo "2600"]
[BlackElo "2236"]
[PlyCount "99"]
[EventDate "2000.01.07"]
[EventType "swiss"]
[EventRounds "10"]
[EventCountry "ESP"]
[SourceTitle "CBM 075"]
[Source "ChessBase"]
[SourceDate "2000.04.05"]
[SourceVersion "1"]
[SourceVersionDate "2000.04.05"]
[SourceQuality "1"]

1. e4 d5 2. exd5 Nf6 3. d4 Bg4 4. Nf3 Qxd5 5. Be2 Nc6 6. c4 Qf5 7. Be3 O-O-O 8.
O-O e5 9. d5 e4 10. Nfd2 Ne5 11. Nc3 Qh5 12. Bxg4+ Nexg4 13. h3 Nxe3 14. Qxh5
Nxh5 15. fxe3 Nf6 16. Ndxe4 Nxe4 17. Nxe4 f6 18. Kf2 Re8 19. Kf3 Re5 20. a3 h5
21. Rae1 a5 22. Nf2 Bd6 23. Nd3 Rg5 24. Nf4 h4 25. Ne6 Rg3+ 26. Kf2 Rh5 27. Kg1
b5 28. c5 Be5 29. Re2 Kd7 30. Rf3 c6 31. e4 Rxf3 32. gxf3 g5 33. Kf2 Rh8 34.
Ke3 b4 35. axb4 axb4 36. Kd3 Ra8 37. Kc4 Ra1 38. Kxb4 Rd1 39. Kc4 Rc1+ 40. Kd3
Rh1 41. b4 Rxh3 42. Ra2 Rxf3+ 43. Ke2 Rh3 44. Ra7+ Kc8 45. dxc6 Kb8 46. c7+
Bxc7 47. Rxc7 Rb3 48. Rh7 Rxb4 49. Kd3 h3 50. c6 1-0

[Event "Linares Anibal op 07th"]
[Site "Linares"]
[Date "2000.01.12"]
[Round "6"]
[White "Campos Moreno, Javier B"]
[Black "Dolmatov, Sergey"]
[Result "1/2-1/2"]
[WhiteElo "2484"]
[BlackElo "2600"]
[PlyCount "22"]
[EventDate "2000.01.07"]
[EventType "swiss"]
[EventRounds "10"]
[EventCountry "ESP"]
[SourceTitle "CBM 075"]
[Source "ChessBase"]
[SourceDate "2000.04.05"]
[SourceVersion "1"]
[SourceVersionDate "2000.04.05"]
[SourceQuality "1"]

1. d4 f5 2. g3 Nf6 3. Bg2 g6 4. Nf3 Bg7 5. O-O O-O 6. c4 d6 7. Nc3 c6 8. d5 e5
9. dxe6 Bxe6 10. b3 Na6 11. Bb2 Qe7 1/2-1/2

[Event "Linares Anibal op 07th"]
[Site "Linares"]
[Date "2000.01.13"]
[Round "7"]
[White "Dolmatov, Sergey"]
[Black "Svetushkin, Dmitry"]
[Result "1-0"]
[WhiteElo "2600"]
[BlackElo "2486"]
[Annotator "Lukacs"]
[PlyCount "101"]
[EventDate "2000.01.07"]
[EventType "swiss"]
[EventRounds "10"]
[EventCountry "ESP"]
[SourceTitle "CBM 075"]
[Source "ChessBase"]
[SourceDate "2000.04.05"]
[SourceVersion "1"]
[SourceVersionDate "2000.04.05"]
[SourceQuality "1"]

1. e4 c6 2. d4 d5 3. Nd2 dxe4 4. Nxe4 Nd7 5. Ng5 Ngf6 6. Bd3 e6 7. N1f3 Bd6 8.
Qe2 h6 9. Ne4 Nxe4 10. Qxe4 Nf6 11. Qe2 Qc7 12. Bd2 b6 13. O-O-O Bb7 14. Kb1
O-O-O 15. c4 c5 16. Bc3 {White has only a minimal positional advantage here
due to his active pieces.} Rhe8 (16... Kb8 {- Adams-Seirawan, Mermaid Beach
Club Match Bermuda 1999 CBM 69}) 17. Bc2 (17. Rhe1 Kb8 (17... Re7 18. a3 {
This is an important prophylactic move to improve the K's position.} Kb8 19.
Ka1 a6 20. Bc2 Ka7 {Both kings are looking for a safe shelter before the fight.
} 21. g3 Red7 22. Ba4 {This one of the benefit of Bc2.} Re7 23. dxc5 bxc5 24.
Nd2 $14 {Marjanovic-Spiridinov, Yerevan 1989}) 18. g3 Ka8 19. Bc2 {This is the
typical manoeuvre here to open the d <-> and threatening sometimes with Ba4.}
a6 20. dxc5 Bxc5 21. Ne5 {The N belongs to e5 in this variation.} Rc8 22. Rd2 {
/\ Red1 doubling on the only opened <->.} Red8 23. Red1 Rxd2 24. Rxd2 Bf8 25.
f4 h5 26. h3 $14 {/\ g4 A.Sokolov-Spragett, Saint John CAN 1988}) 17... Kb8 $6
{In case of mass exchanges on the d <-> the K is better in the [+].} (17... a6
18. dxc5 Bxc5 19. Ne5 Rxd1+ 20. Rxd1 Rd8 21. Rxd8+ Kxd8 22. f4 {White's plan
is a direct march with his pawns on the >>.} Kc8 23. g4 Ne8 24. h4 Qe7 25. a3 {
This is a useful move in this line.} Qxh4 26. Nxf7 Qe7 27. Ne5 $16 {with a
corrupted P structure for Black, Dolmatov-Klimm, Ciudadde Obeda op 2000.}) (
17... cxd4 {is the logical reply here.} 18. Rxd4 (18. Bxd4 $5 Bc5) 18... Bc5
19. Rxd8+ Rxd8 20. Ne5 Bd4 {The exchange of the dark-squared B is a relief for
Black.} 21. Bxd4 Rxd4 22. Qe3 Rd6 23. f3 Kd8 24. Qa3 Ne8 25. Ba4 f6 26. Nf7+
Qxf7 27. Bxe8 Qe7 28. Ba4 Rd4 $11 {Akhmadeev-Burmakin, Chigorin mem 1999}) 18.
dxc5 Bxc5 (18... bxc5 $6 {creates additional weaknesses in Black's P structure.
} 19. Rhe1 $14) (18... Qxc5 {is also met by the standard centralization:} 19.
Ne5 Rf8 {>< f7 has to be defended.} (19... Bxg2 $2 20. Rhg1 Be4 21. Nxf7 $18)
20. f4 $14 {with some pressure and space advantage.}) 19. Ne5 $1 (19. Be5 {
White cannot make profit from the pin on the h2-g8 /^.} Bd6 20. Rxd6 Rxd6 21.
Nd4 a6 22. Rd1 Red8 $11) 19... Kc8 (19... Rf8 20. f4 $14) 20. f4 Rxd1+ (20...
Bd6 21. Rhe1 $14 {/\ g4 leaving the /^ h1-a8.}) 21. Rxd1 Rd8 (21... Bd6 22. g4
$14) 22. Rxd8+ Kxd8 23. g4 Ne8 (23... Bd6 24. g5 Ne8 ({but not} 24... hxg5 $6
25. fxg5 Ne8 26. h4 {/\ h5 creating a remote o^.})) 24. h4 Nd6 $2 {[%mdl 8192]
Black forgets about the retreat of his B.} (24... Kc8 25. g5 Nd6 26. b4 Bg1 27.
Bd3 $14) 25. b4 $1 $18 {Now the B is in a big trouble.} Bg1 26. Qd1 {double
attack.} Be3 27. Nxf7+ $1 Ke7 (27... Qxf7 28. Qxd6+) 28. Qxd6+ Qxd6 29. Nxd6
Kxd6 30. Be5+ {liquidating for a winning _|_.} Ke7 31. g5 h5 (31... hxg5 32.
hxg5 a5 33. a3 axb4 34. axb4 Bd2 35. b5 $18) 32. Bxg7 (32. Bg6 {was also
enough, for example:} Bf3 33. Kc2 Bf2 34. Kd3 Bxh4 35. Bxg7 Bf2 36. Bf6+ Kf8
37. Bh7 $1 $18) 32... Bxf4 33. g6 Bf3 34. Bh8 Bg4 35. Be4 Bg3 36. c5 {The
second o^ is coming.} bxc5 37. bxc5 Bxh4 38. Be5 {The centralized white
bishops dominate the whole board.} Kf8 39. c6 Be2 40. c7 Ba6 41. Bf3 Bg5 42.
Bxh5 Bh6 43. Be2 Bc8 44. Kc2 Be3 45. Bb5 a6 46. Bc6 Bb6 47. Kd3 Kg8 48. Ke4 Ba5
49. Kf4 Bd2+ 50. Kg4 Be3 51. Kh5 1-0

[Event "Linares Anibal op 07th"]
[Site "Linares"]
[Date "2000.01.16"]
[Round "10"]
[White "Kalantarian, Norik"]
[Black "Dolmatov, Sergey"]
[Result "0-1"]
[WhiteElo "2474"]
[BlackElo "2615"]
[PlyCount "80"]
[EventDate "2000.01.07"]
[EventType "swiss"]
[EventRounds "10"]
[EventCountry "ESP"]
[SourceTitle "CBM 075"]
[Source "ChessBase"]
[SourceDate "2000.04.05"]
[SourceVersion "1"]
[SourceVersionDate "2000.04.05"]
[SourceQuality "1"]

1. d4 Nf6 2. c4 g6 3. Nc3 Bg7 4. e4 d6 5. Nf3 O-O 6. h3 e5 7. d5 a5 8. Be3 Na6
9. g4 c6 10. Nd2 Nc5 11. Be2 a4 12. Qc2 Qa5 13. O-O-O Bd7 14. Kb1 cxd5 15. cxd5
b5 16. Bxc5 dxc5 17. Rc1 Rac8 18. g5 Ne8 19. Bg4 f5 20. gxf6 Nxf6 21. f3 c4 22.
a3 Qb6 23. Ka1 h5 24. Bxd7 Nxd7 25. Rcg1 Kh7 26. Rg3 Bh6 27. Rhg1 Rf6 28. Ka2
Nc5 29. d6 Qxd6 30. Nd5 Re6 31. Nb1 Nd3 32. Nbc3 Qc5 33. Qg2 Rg8 34. Kb1 Bf4
35. Nxf4 Nxf4 36. Qc2 Rd6 37. Rd1 Rd4 38. Ne2 Nxe2 39. Qxe2 Rgd8 40. Rgg1 Rd3
0-1

[Event "Ubeda op 5th"]
[Site "Ubeda"]
[Date "2000.01.19"]
[Round "1"]
[White "Guerra Bastida, Diego"]
[Black "Dolmatov, Sergey"]
[Result "0-1"]
[WhiteElo "2313"]
[BlackElo "2615"]
[PlyCount "150"]
[EventDate "2000.01.19"]
[EventType "swiss"]
[EventRounds "10"]
[EventCountry "ESP"]
[SourceTitle "CBM 075"]
[Source "ChessBase"]
[SourceDate "2000.04.05"]
[SourceVersion "1"]
[SourceVersionDate "2000.04.05"]
[SourceQuality "1"]

1. Nf3 Nf6 2. g3 g6 3. Bg2 Bg7 4. O-O O-O 5. d4 d5 6. Nbd2 Bf5 7. c4 c6 8. b3
Nbd7 9. Bb2 b5 10. Ne5 Rc8 11. Rc1 Qb6 12. c5 Qc7 13. h3 Ne4 14. g4 Nxe5 15.
dxe5 Nxd2 16. Qxd2 Bd7 17. f4 f6 18. Qe3 fxe5 19. Bxe5 Bxe5 20. Qxe5 Qxe5 21.
fxe5 Be6 22. e3 a5 23. Rf4 Ra8 24. Rd1 a4 25. Rxf8+ Kxf8 26. b4 a3 27. Rd4 g5
28. Bf3 Bf7 29. Kf2 Bg6 30. e4 dxe4 31. Bxe4 Bxe4 32. Rxe4 Kf7 33. e6+ Kf6 34.
Re3 Rd8 35. Rxa3 Rd4 36. Ra6 Rxb4 37. Rxc6 Ra4 38. Rb6 b4 39. Ke3 Ke5 40. Kd3
Ra3+ 41. Kd2 Rxa2+ 42. Kd3 Kd5 43. c6 Ra3+ 44. Kd2 Rc3 45. Rb5+ Kxe6 46. Rxg5
Rxc6 47. Rh5 b3 48. Rxh7 Rc2+ 49. Kd1 Rc3 50. Kd2 b2 51. Rh6+ Ke5 52. Rb6 Rxh3
53. Kc2 Rh2+ 54. Kb1 Rg2 55. Rb5+ Kf4 56. Rf5+ Ke4 57. Rf1 e5 58. Re1+ Kf4 59.
g5 e4 60. g6 Rxg6 61. Rf1+ Ke3 62. Kxb2 Rc6 63. Rh1 Kf2 64. Rh2+ Kg3 65. Rh8 e3
66. Rg8+ Kf2 67. Rf8+ Ke1 68. Re8 e2 69. Ra8 Rc5 70. Rf8 Kd2 71. Rd8+ Ke3 72.
Re8+ Kd3 73. Kb1 Rc4 74. Kb2 Re4 75. Rc8 Ke3 0-1

[Event "Ubeda op 5th"]
[Site "Ubeda"]
[Date "2000.01.20"]
[Round "2"]
[White "Dolmatov, Sergey"]
[Black "Mirzoev, Azer"]
[Result "0-1"]
[WhiteElo "2615"]
[BlackElo "2438"]
[PlyCount "100"]
[EventDate "2000.01.19"]
[EventType "swiss"]
[EventRounds "10"]
[EventCountry "ESP"]
[SourceTitle "CBM 075"]
[Source "ChessBase"]
[SourceDate "2000.04.05"]
[SourceVersion "1"]
[SourceVersionDate "2000.04.05"]
[SourceQuality "1"]

1. e4 c5 2. Nf3 Nc6 3. d4 cxd4 4. Nxd4 g6 5. c4 Bg7 6. Be3 Nf6 7. Nc3 O-O 8.
Be2 d6 9. O-O Bd7 10. f3 Nxd4 11. Bxd4 Bc6 12. Qd2 Qa5 13. Rab1 Rfc8 14. b4 Qd8
15. Kh1 a5 16. b5 Bd7 17. Na4 Rab8 18. Nb6 Rc7 19. Qxa5 Be6 20. Qc3 Nd7 21.
Nxd7 Bxd4 22. Qxd4 Qxd7 23. a4 b6 24. f4 Rc5 25. f5 gxf5 26. Rb3 f6 27. Rg3+
Kh8 28. Bd3 Qc7 29. a5 bxa5 30. exf5 Bxc4 31. b6 Qc6 32. b7 Qd5 33. Qg4 Qf7 34.
Rb1 Bxd3 35. Rxd3 Qc4 36. Qd1 Qf4 37. Rdb3 Qxf5 38. h4 Qd5 39. Qe2 Rc7 40. Qa6
Rc2 41. Rg3 Qa2 42. Re1 Rc7 43. Rge3 Rbxb7 44. Qa8+ Qg8 45. Qxa5 Rc2 46. R3e2
Rbb2 47. Qh5 Rxe2 48. Rxe2 Rxe2 49. Qxe2 Qf7 50. Qd3 Qe6 {.. ilegible ...hasta
59 mov.} 0-1

[Event "Ubeda op 5th"]
[Site "Ubeda"]
[Date "2000.01.21"]
[Round "3"]
[White "Dolmatov, Sergey"]
[Black "Klimm, Wolf Dietrich"]
[Result "1-0"]
[WhiteElo "2615"]
[BlackElo "2219"]
[PlyCount "93"]
[EventDate "2000.01.19"]
[EventType "swiss"]
[EventRounds "10"]
[EventCountry "ESP"]
[SourceTitle "CBM 075"]
[Source "ChessBase"]
[SourceDate "2000.04.05"]
[SourceVersion "1"]
[SourceVersionDate "2000.04.05"]
[SourceQuality "1"]

1. e4 c6 2. d4 d5 3. Nd2 dxe4 4. Nxe4 Nd7 5. Ng5 Ngf6 6. Bd3 e6 7. N1f3 Bd6 8.
Qe2 h6 9. Ne4 Nxe4 10. Qxe4 Nf6 11. Qe2 b6 12. Bd2 Bb7 13. O-O-O Qc7 14. Kb1
O-O-O 15. c4 c5 16. Bc3 Rhe8 17. Bc2 a6 18. dxc5 Bxc5 19. Ne5 Rxd1+ 20. Rxd1
Rd8 21. Rxd8+ Kxd8 22. f4 Kc8 23. g4 Ne8 24. h4 Qe7 25. a3 Qxh4 26. Nxf7 Qe7
27. Ne5 a5 28. Nd3 Bd6 29. Qe3 Bc7 30. c5 bxc5 31. Nxc5 Bd5 32. Na6 Bd8 33. Be5
Qb7 34. Nc5 Qb5 35. Bd3 Bc4 36. Bxc4 Qxc4 37. Bc3 Nc7 38. Bxa5 Qf1+ 39. Qc1
Qxc1+ 40. Kxc1 g5 41. Bxc7 Bxc7 42. Nxe6 Bd6 43. f5 Kd7 44. Kd2 Kc6 45. Kd3 Kd5
46. a4 Bb4 47. Nd4 1-0

[Event "Ubeda op 5th"]
[Site "Ubeda"]
[Date "2000.01.28"]
[Round "10"]
[White "Dolmatov, Sergey"]
[Black "Turov, Maxim"]
[Result "1/2-1/2"]
[WhiteElo "2615"]
[BlackElo "2526"]
[Annotator "Lukacs"]
[PlyCount "53"]
[EventDate "2000.01.19"]
[EventType "swiss"]
[EventRounds "10"]
[EventCountry "ESP"]
[SourceTitle "CBM 075"]
[Source "ChessBase"]
[SourceDate "2000.04.05"]
[SourceVersion "1"]
[SourceVersionDate "2000.04.05"]
[SourceQuality "1"]

1. e4 c6 2. d4 d5 3. Nd2 dxe4 4. Nxe4 Bf5 5. Ng3 Bg6 6. h4 h6 7. Nf3 Nd7 8. h5
Bh7 9. Bd3 Bxd3 10. Qxd3 Ngf6 11. Bf4 (11. Bd2 {is the other main line.}) 11...
e6 (11... Qa5+ 12. Bd2 Qc7 {may transpose to the 11.Bd2 variation.}) 12. O-O-O
Nd5 13. Bd2 {White hopes that the N on d5 will be vulnerable.} Nb4 (13... Be7
14. Ne4 {White has to improve his N's position.} Qc7 15. c4 {winning an
important tempo.} N5f6 16. Kb1 {This is the usual prophylactical move.} O-O-O
17. g3 Nxe4 18. Qxe4 Nf6 19. Qe2 b6 20. Bf4 Bd6 21. Ne5 $14 {C.
Horvath-Stankovic, CRO-ch Opatija 1995}) (13... Qc7 14. c4 Nb4 (14... Nf4 $2
15. Qe4 {and the N is in trouble.} Nxg2 {The N can't get out of here.} 16. Ne5
Nxe5 17. dxe5 O-O-O 18. Bc3 {1:0 Jansa-Hort, Berlin West op 1984}) 15. Qb3 a5
16. a3 a4 17. Qe3 Na6 {The N is badly placed on the edge of the board.} 18. Kb1
Be7 19. d5 Nac5 20. dxe6 fxe6 21. Bb4 $16 {Mecking-Carvajol, Sao Paolo zt 1972}
) (13... Bd6 14. Ne4 Qc7 15. c4 N5f6 16. Nxd6+ Qxd6 17. g3 {/\ Bf4} O-O-O 18.
Bf4 Qb4 19. Qe2 Qa5 20. a3 $14 {and the B is very strong on the /^ h2-b8.}) 14.
Bxb4 (14. Qb3 $142 a5 $5 (14... Qb6 15. c4 O-O-O (15... Be7 16. c5 $5 {White
forces matters and finally wins some material.} (16. Kb1 {is the quiet way for
gaining some advantage.} Na6 (16... c5 17. d5 $14) 17. Qa4 $14) 16... Bxc5 17.
dxc5 Nxc5 18. Qa3 Nbd3+ (18... Ncd3+ 19. Kb1 $18) 19. Kb1 Nxf2 20. Be3 Nxd1 21.
Bxc5 Qxb2+ 22. Qxb2 Nxb2 23. Kxb2 $14) 16. Ne4 $14 (16. c5 $2 {now is bad in
view of} Bxc5 $1 17. dxc5 Nxc5 18. Qa3 Ncd3+ 19. Kb1 Nxf2 20. Bxb4 Rxd1+ 21.
Rxd1 Nxd1 22. Bc5 Qb5 23. Nd4 Qc4 24. Qxa7 Qd3+ 25. Kc1 Ne3 $17)) 15. a3 a4 16.
Qc4 Nd5 17. Ne4 Qc7 $13 (17... Be7 18. Ne5 O-O 19. g4 {with attacking chances
on the >>.})) 14... Bxb4 15. Kb1 (15. Qb3 Qb6 16. Ne5 Be7 17. Nxd7 Qxb3 18.
axb3 Kxd7 {The _|_ cannot be favourable for White, Black has no weaknesses.}
19. Ne4 Kc7 20. Rh3 Rhd8 21. Rg3 Bf8 22. Rf3 Rd7 $11 {Saric-Golubovic, Pula op
1999}) (15. Ne4 Qe7 16. Ne5 O-O-O 17. Qe2 Nf6 18. f4 Rhe8 19. Rhf1 Kb8 20. Kb1
Ba5 21. g4 Bb6 22. g5 (22. c3 $5) 22... Nxe4 23. Qxe4 f6 24. gxf6 gxf6 25. Nf3
Bc7 $11 {Egger-Bareev, Elista olm 1998}) 15... Qe7 (15... Qb6 16. Ne5 (16. Ne4
Rd8 17. Nfd2 O-O 18. Nc4 Qc7 $13) (16. a3 Be7 ({On} 16... Bd6 17. Ne4 {wins a
tempo.}) 17. Rhe1 O-O 18. Nf5 Bf6 19. Nd6 Rad8 $13) 16... Nxe5 17. dxe5 O-O 18.
Ne4 Rad8) 16. a3 (16. c3 Bd6 (16... Ba5 17. Nf5 $1 Qf8 $1 (17... exf5 $2 {
loses to} 18. Rhe1 $18) 18. Rhe1 O-O-O) 17. Nf5 Qf8 $1 $11 (17... exf5 $2 18.
Rhe1 $18)) (16. c4 O-O-O $11) 16... Ba5 (16... Bd6 17. Nf5 Qf8 $1 (17... exf5
$2 18. Rhe1 Ne5 19. Nxe5 $18) 18. Nxd6+ Qxd6 $11) 17. Nf5 exf5 ({Why not} 17...
Qf8 $1 {again?} 18. Ne5 Nf6 (18... exf5 $2 19. Nxd7 Kxd7 $2 20. Qxf5+ $18) 19.
Ne3 Bc7 20. f4 O-O-O 21. g4 Qe7 $11) 18. Rhe1 Bxe1 19. Rxe1 Qxe1+ 20. Nxe1 O-O
21. Qxf5 Nf6 {Black has two rooks versus Q and P, so materially the situation
is still not so bad. However White has still some chances for a >> ->.} 22. Nf3
{/\ g4-g5} (22. Nd3 {is not attacking the >>.} Rfe8) 22... Rfe8 23. g4 (23. Ne5
Re6 24. c3 Rae8) 23... Rad8 24. g5 (24. c3 {is slow because of} Rd5) 24... Nxh5
(24... hxg5 $6 25. h6 $1 $40) (24... Rd5 $2 25. Ne5 hxg5 26. h6 $1 $40) (24...
Nd5 $2 25. gxh6 gxh6 26. Ne5 Re7 27. c4 Nb6 28. Qf6 $18) 25. Ne5 $2 (25. gxh6
$1 {was the consistent way of continuing White's |^ on the >>.} g6 26. Qa5 {
changing the targets.} Rd7 (26... a6 27. Qc7 Rb8 28. Ne5 $18) 27. Ne5 Rde7 28.
Qxa7 Kh7 29. Nd3 Kxh6 30. Nc5 Rc7 31. c4 $14 {and now White's advantage is on
the <<.}) 25... f6 $1 $11 {This is the counterattack.} 26. gxh6 (26. gxf6 $6
Nxf6 27. c3 h5 $15 {and now Black has a dangerous o^.}) (26. Ng4 $5 hxg5 (26...
fxg5 $6 27. Qg6 Kf8 28. Qxh5 Re1+ 29. Ka2 Rxd4 30. Ne3) 27. Qg6 Nf4 28. Nxf6+
Kf8 29. Nh7+ (29. Qf5 $6 Re1+ 30. Ka2 gxf6 31. Qxf6+ Ke8 {and there is no
perpetual.}) 29... Kg8 30. Nf6+ $1 $11 {with perpetual checks.} (30. Qxg5 Re1+
31. Ka2 Rxd4 $13 {can even be dangerous.})) 26... fxe5 27. Qxh5 (27. Qxh5 exd4
28. hxg7 Kxg7 29. Qg5+ $11) 1/2-1/2

[Event "Dubai op"]
[Site "Dubai"]
[Date "2000.05.01"]
[Round "4"]
[White "Alibaev, Akbar"]
[Black "Dolmatov, Sergey"]
[Result "0-1"]
[WhiteElo "2220"]
[BlackElo "2615"]
[PlyCount "56"]
[EventDate "2000.04.28"]
[EventType "swiss"]
[EventRounds "9"]
[EventCountry "UAE"]
[SourceTitle "EXT 2001"]
[Source "ChessBase"]
[SourceDate "2000.11.22"]
[SourceVersion "1"]
[SourceVersionDate "2000.11.22"]
[SourceQuality "1"]

1. c4 g6 2. d4 Nf6 3. Bf4 Bg7 4. Nc3 O-O 5. Nf3 d6 6. e3 c6 7. h3 a6 8. Be2 b5
9. O-O Nbd7 10. a4 bxc4 11. Bxc4 a5 12. Qe2 Nb6 13. b3 Nxc4 14. bxc4 Ba6 15.
Qa2 Rb8 16. Rfb1 Rb4 17. Rxb4 axb4 18. Nb1 e5 19. dxe5 Nd7 20. exd6 Qf6 21. Nd4
c5 22. Nb3 g5 23. Bg3 Qe6 24. N1d2 Bxa1 25. Qxa1 Bxc4 26. Nxc5 Nxc5 27. Nxc4
Qxc4 28. Qf6 Ne4 0-1

[Event "Dubai op"]
[Site "Dubai"]
[Date "2000.05.02"]
[Round "5"]
[White "Dolmatov, Sergey"]
[Black "Visweswaran, Kameswaran"]
[Result "1-0"]
[WhiteElo "2615"]
[BlackElo "2286"]
[PlyCount "55"]
[EventDate "2000.04.28"]
[EventType "swiss"]
[EventRounds "9"]
[EventCountry "UAE"]
[SourceTitle "EXT 2001"]
[Source "ChessBase"]
[SourceDate "2000.11.22"]
[SourceVersion "1"]
[SourceVersionDate "2000.11.22"]
[SourceQuality "1"]

1. e4 c5 2. Nf3 d6 3. d4 cxd4 4. Nxd4 Nf6 5. Nc3 a6 6. Be2 e5 7. Nb3 Be7 8. Be3
Be6 9. Nd5 Nbd7 10. Qd3 Bxd5 11. exd5 O-O 12. g4 Nc5 13. Nxc5 dxc5 14. O-O-O
Ne8 15. d6 Bxd6 16. Bxc5 Qg5+ 17. Qe3 Qe7 18. Bxd6 Nxd6 19. Rd5 Rfe8 20. Rhd1
Nb5 21. f4 exf4 22. Qxe7 Rxe7 23. Rd8+ Re8 24. Rxa8 Rxa8 25. Rd7 g5 26. Bf3 Re8
27. a4 Re3 28. Bxb7 1-0

[Event "Chigorin Memorial 08th"]
[Site "St Petersburg"]
[Date "2000.10.31"]
[Round "1"]
[White "Dolmatov, Sergey"]
[Black "Praslov, Andrey"]
[Result "1/2-1/2"]
[WhiteElo "2608"]
[BlackElo "2375"]
[PlyCount "70"]
[EventDate "2000.10.31"]
[EventType "swiss"]
[EventRounds "9"]
[EventCountry "RUS"]
[SourceTitle "EXT 2001"]
[Source "ChessBase"]
[SourceDate "2000.11.22"]
[SourceVersion "1"]
[SourceVersionDate "2000.11.22"]
[SourceQuality "1"]

1. e4 d5 2. exd5 Qxd5 3. Nc3 Qa5 4. d4 Nf6 5. Nf3 c6 6. Bd2 Qb6 7. Rb1 Bf5 8.
Be2 e6 9. O-O Nbd7 10. Nh4 Bg6 11. Be3 Qc7 12. Bf3 Bd6 13. g3 O-O 14. Nxg6 hxg6
15. Bg2 Nd5 16. Bd2 Nxc3 17. Bxc3 Nf6 18. Qe2 Rfe8 19. Rfe1 Rad8 20. b3 Nd5 21.
Bd2 Bb4 22. Bxb4 Nxb4 23. c3 Nd5 24. Rbc1 Qa5 25. Qb2 Rd7 26. Re5 Qb6 27. h4
Nf6 28. Bf3 Rdd8 29. Rd1 Nd7 30. Re2 Qc7 31. Kg2 Nf6 32. c4 Re7 33. b4 Red7 34.
Red2 a6 35. a3 Qd6 1/2-1/2

[Event "Chigorin Memorial 08th"]
[Site "St Petersburg"]
[Date "2000.11.01"]
[Round "2"]
[White "Yashtylov, Anatolij"]
[Black "Dolmatov, Sergey"]
[Result "1/2-1/2"]
[WhiteElo "2314"]
[BlackElo "2608"]
[PlyCount "36"]
[EventDate "2000.10.31"]
[EventType "swiss"]
[EventRounds "9"]
[EventCountry "RUS"]
[SourceTitle "EXT 2001"]
[Source "ChessBase"]
[SourceDate "2000.11.22"]
[SourceVersion "1"]
[SourceVersionDate "2000.11.22"]
[SourceQuality "1"]

1. d4 Nf6 2. c4 g6 3. Nf3 Bg7 4. g3 c6 5. Nc3 d5 6. cxd5 cxd5 7. Bg2 O-O 8. Ne5
e6 9. Bg5 Qb6 10. O-O Nfd7 11. Be7 Re8 12. Na4 Qa6 13. Nc5 Nxc5 14. Bxc5 Nd7
15. Nxd7 Bxd7 16. Qd2 Rac8 17. e3 b6 18. Bb4 Bb5 1/2-1/2

[Event "Chigorin Memorial 08th"]
[Site "St Petersburg"]
[Date "2000.11.02"]
[Round "3"]
[White "Dolmatov, Sergey"]
[Black "Firman, Nazar"]
[Result "1-0"]
[WhiteElo "2608"]
[BlackElo "2361"]
[PlyCount "63"]
[EventDate "2000.10.31"]
[EventType "swiss"]
[EventRounds "9"]
[EventCountry "RUS"]
[SourceTitle "EXT 2001"]
[Source "ChessBase"]
[SourceDate "2000.11.22"]
[SourceVersion "1"]
[SourceVersionDate "2000.11.22"]
[SourceQuality "1"]

1. e4 e6 2. d4 d5 3. Nc3 Nc6 4. Nf3 Nf6 5. e5 Ne4 6. Bd3 Bb4 7. Bd2 Nxd2 8.
Qxd2 Bd7 9. a3 Be7 10. O-O g5 11. Qe3 h5 12. Ne2 g4 13. Ne1 Bf8 14. f4 Qe7 15.
b4 O-O-O 16. c3 f6 17. a4 fxe5 18. dxe5 d4 19. Nxd4 Nxd4 20. cxd4 Qxb4 21. Be4
Bc6 22. Bxc6 bxc6 23. Nc2 Qc4 24. Qe4 c5 25. Qc6 Qxc2 26. Qxe6+ Rd7 27. Qa6+
Kd8 28. Qf6+ Kc8 29. Qxh8 Qf5 30. e6 Rg7 31. Rae1 g3 32. e7 1-0